1687 1485 1311 1844 1193 1133 1219 1779 1534 1756 1536 1461 1653 1979 1422 1957 1295 1563 1692 1013 1027 1667 1334 1293 1021 1964 1768 1590 1618 1687 1986 1148 1084 1888 1117 1660 1048 1392 1773 1250 1734 1351 1639 1923 1510 1297 1252 1777 1157 1113 1566 1420 1100 1997 1497 1668 1461 1732 1961 1357 1264 1967 1099 1854 1408 1532 1740 1588 1765 1715 1830 1492 1401 1390 1879 1833 1401 1660 1543 1758 1480 1926 1241 1060 1096 1267 1157 1217 1984 1921 1354 1005 1553 1256 1177 1048 1303 1878 1486 BCNSPRNW ULIB Ver.6.0+V

เปลี่ยนเป็นภาษาไทย

Change to English
 แสดงรายละเอียดบรรณานุกรม
  กลับหน้าหลัก

Brief Record : Get Marc (ISO 2709) : E-mail record : QR code < ปิดหน้าต่าง
LEADER : 00000nam 2200000uu 4500
001    13399114027
003     ULIB
008    120110s||||||||th 000 0 tha d
020    9749578058
099    วพ.HM132^bส766ค
100 0  สุดใจ แสงสุนทร
245 00 ความสัมพันธ์ระหว่างความเครียดในงานและความยึดมั่นผูกพันต่อองค์การของพยาบาลประจำการโรงพยาบาลชุมชน จังหวัดฉะเชิงเทรา/^cสุดใจ แสงสุนทร
260    ชลบุรี :^bมหาวิทยาลัยบูรพา,^c2545
300    110 หน้า :^bตาราง
500    วิทยานิพนธ์
650  7 ความเครียด^xวิจัย
650  7 ความยึดมั่นผูกพันธ์ต่อองค์กร
710    มหาวิทยาลัยบูรพา
945    ^p0^l0^i030992
995    ทศพร
999 ^a ทศพร
รายการนี้ยังไม่มีแท็ก
คุณยังไม่ได้ล็อกอิน คุณสามารถมีกิจกรรมร่วมกับเว็บไซต์ได้ แต่ต้องล็อกอินก่อน ::
  ล็อกอิน

รายการสื่อสารสนเทศ

ลำดับที่ ประเภท เลขเรียก/บาร์โค้ด สถานที่ สถานะ
1. วิทยานิพนธ์
วิทยานิพนธ์
วพ.HM132 ส766ค ฉ.1 
  Barcode: 030992
ห้องสมุดวิทยาเขตสวรรค์ประชารักษ์
►วิจัย
บนชั้น

BibComment


ยังไม่เคยถูกคอมเมนท์

คอมเมนท์ทรัพยากรรายการนี้
  คอมเมนท์: ความสัมพันธ์ระหว่..


 Copyright 2026. Bcnsprnw @Library